| 000 | nam a22 i 4500 | ||
|---|---|---|---|
| 999 |
_c24466 _d24466 |
||
| 003 | WA 310 | ||
| 005 | 20211202094237.0 | ||
| 006 | m o d | | ||
| 007 | cr an nnnanaan | ||
| 008 | 170728s2019 pl fou 000 0 eng d | ||
| 040 |
_aWA 310/bw _bpol _erda _cWA 310/bw _dWA 310/bw |
||
| 041 | 0 | _apol | |
| 245 | 0 | 0 |
_aUrządzenia bliskiego zasięgu (SRD) - Osobiste urządzenia alarmowe pracujące w zakresie od 25 MHz do 1 000 MHz - Zharmonizowana norma zapewniająca spełnienie zasadniczych wymagań zgodnie z artykułem 3.2 dyrektywy 2014/53/UE PN-ETSI EN 303 406 V1.1.1:2017-08/Ap1:2019-10E / _cPolski Komitet Normalizacyjny. _b |
| 246 | 1 | 3 | _aPN-ETSI EN 303 406 V1.1.1:2017-08/Ap1 |
| 246 | 1 | 3 | _aICS 33.060.20 |
| 246 | 1 | 3 | _aPoprawka do Polskiej Normy |
| 260 |
_aWarszawa : _bPolski Komitet Normalizacyjny, _ccopyright 2019. |
||
| 300 |
_a2 strony ; _c30 cm. |
||
| 336 |
_aText _btxt _2rdacontent |
||
| 337 |
_aKomputer _bc _2rdamedia |
||
| 338 |
_aDokument online _bcr _2rdacarrier |
||
| 500 | _aTytuł z ekranu tytułowego. | ||
| 500 | _aZatwierdzona 9 października 2019 r. | ||
| 530 | _aDostępne wyłącznie w formie elektronicznej. | ||
| 538 | _aTryb dostępu: online. | ||
| 710 | 1 |
_aPolska. _bPolski Komitet Normalizacyjny. _eInstytucja sprawcza _eWydawca _4pbl _91107 |
|
| 942 |
_2ddc _cBK |
||